000 00202 a2200097 4500
001 45632
100 _aHailey, A
245 _aStrong medicine
260 _aLondon
_bPan books
_c
090 _c28802
_d28802
942 _aNUST-CAE
_cM
_c20894
999 _c280705
_d280705